Music Quiz

Random Music or Lyrics Quiz

My Jesus, My Saviour Lyrics Quiz Stats

 Plays Quiz not verified by Sporcle

Score 0/102 Timer 08:00
0 Plays Today
% Correct
My
98.7%
My
98.7%
my
98.7%
My
98.7%
My
98.7%
Jesus
97.5%
saviour
97.5%
the
96.2%
and
96.2%
the
96.2%
the
96.2%
and
96.2%
the
96.2%
and
96.2%
the
96.2%
the
96.2%
the
96.2%
the
96.2%
you
95.6%
you
95.6%
you
95.6%
you
95.6%
Lord
93.7%
Lord
93.7%
of
93%
to
93%
of
93%
of
93%
to
93%
to
93%
to
93%
of
93%
of
93%
to
93%
% Correct
All
92.4%
All
92.4%
all
92.4%
love
91.8%
love
91.8%
your
91.1%
your
91.1%
your
91.1%
is
90.5%
praise
87.3%
praise
87.3%
like
86.7%
there
86.1%
want
86.1%
in
84.8%
days
83.5%
mighty
82.3%
earth
82.3%
Let
81.6%
let
81.6%
name
81.6%
Shout
81%
sing
81%
King
81%
sing
81%
at
80.4%
at
80.4%
Power
79.7%
will
79.7%
that
79.1%
us
79.1%
for
79.1%
refuge
78.5%
sound
78.5%
% Correct
have
78.5%
shelter
77.2%
strength
77.2%
bow
77.2%
down
77.2%
seas
77.2%
wonders
76.6%
tower
76.6%
am
76.6%
joy
76.6%
Nothing
76.6%
I
75.9%
I
75.9%
worship
75.9%
majesty
75.9%
I
75.9%
Forever
75.9%
forever
75.9%
I
75.9%
roar
75.3%
compares
74.7%
comfort
74.1%
every
74.1%
never
74.1%
Mountains
74.1%
stand
74.1%
promise
74.1%
work
73.4%
I'll
73.4%
I'll
73.4%
no one
71.5%
hands
70.9%
breath
70.3%
cease
70.3%

You're not logged in!

Compare scores with friends on all Sporcle quizzes.
OR
Log In

Show Comments

Extras

Created Oct 14, 2010ReportNominate
Tags:Lyrics Quiz, hymn, Jesus Christ

Top Quizzes Today


Score Distribution

Your Account Isn't Verified!

In order to create a playlist on Sporcle, you need to verify the email address you used during registration. Go to your Sporcle Settings to finish the process.

Report this User

Report this user for behavior that violates our Community Guidelines.

Details: